00709cam a22002411 4500001001300000003000400013005001700017008004100034010001700075035001900092040002500111042001200136050001900148082001400167100005000181245004200231260004000273300002700313500005500340504003100395650002400426999001700450sa 67005919 DLC20260227112402.0770718s1957 ii a b 000 0 eng  asa 67005919  a(OCoLC)3123573 aDLCcTNJdOCoLCdDLC apremarc00aDS432.K585bG5 a390/.09541 aGhurye, G. S.q(Govind Sadashiv),d1893-1983.14aThe Mahadev Kolisc[by] G. S. Ghurye. aBombay,bPopular Book Depot,c1957. a267 p.billus.c23 cm. aCover title: The Mahadev Kolis, a scheduled tribe. aBibliographical footnotes. 0aKoli (Indic people) c75547d75547